Marketing channels : a management view /
Marketing Channels: A Management View by Bert Rosenbloom provides a comprehensive examination of the design, management, and performance of marketing channels. The book explains how products and services move from producers to final consumers through wholesalers, retailers, agents, distributors, and...
Saved in:
| Main Author: | |
|---|---|
| Format: | Book |
| Published: |
Mason, Ohio :
Thomson/South-Western,
c2004.
|
| Edition: | 7th ed. |
| Subjects: | |
| Online Access: | http://www.loc.gov/catdir/enhancements/fy1215/2002116683-d.html http://www.loc.gov/catdir/enhancements/fy1215/2002116683-t.html http://www.loc.gov/catdir/enhancements/fy1302/2002116683-b.html |
| Tags: |
Add Tag
No Tags, Be the first to tag this record!
|
MARC
| LEADER | 00000cam a22000004a 4500 | ||
|---|---|---|---|
| 005 | 20260701105503.0 | ||
| 020 | |a 0324186932 |c Tsh. 55,000/= | ||
| 020 | |a 9780324186932 |c Tsh. 55,000/= | ||
| 040 | |a DCC Library |b eng. | ||
| 082 | 0 | 0 | |a 658.87 ROS |
| 100 | 1 | |a Rosenbloom, Bert. | |
| 245 | 1 | 0 | |a Marketing channels : |b a management view / |c Bert Rosenbloom. |
| 250 | |a 7th ed. | ||
| 260 | |a Mason, Ohio : |b Thomson/South-Western, |c c2004. | ||
| 300 | |a xx, 649 p. : |b ill. ; |c 26 cm. | ||
| 504 | |a Includes bibliographical references and index. | ||
| 505 | |a Part I: Marketing channel system Part II: Developing the marketing channel Part III: Managing the marketing channel Part IV: Additional perspectives on marketing channels | ||
| 520 | |a Marketing Channels: A Management View by Bert Rosenbloom provides a comprehensive examination of the design, management, and performance of marketing channels. The book explains how products and services move from producers to final consumers through wholesalers, retailers, agents, distributors, and other intermediaries. It emphasizes that effective channel management is a strategic source of competitive advantage because it improves customer satisfaction, reduces distribution costs, and increases market coverage. The book explores the process of designing marketing channels, selecting channel members, motivating and evaluating intermediaries, managing channel conflicts, and adapting channel strategies to changing market conditions. It also discusses the impact of globalization, technological innovation, e-commerce, and changing consumer behavior on channel management. Practical examples and case studies illustrate how organizations develop efficient distribution systems and maintain strong relationships with channel partners. | ||
| 650 | 0 | |a Marketing channels. | |
| 650 | 0 | |a Marketing channels | |
| 856 | 4 | 2 | |u http://www.loc.gov/catdir/enhancements/fy1215/2002116683-d.html |
| 856 | 4 | 1 | |u http://www.loc.gov/catdir/enhancements/fy1215/2002116683-t.html |
| 856 | 4 | 2 | |u http://www.loc.gov/catdir/enhancements/fy1302/2002116683-b.html |
| 942 | |c BK | ||
| 999 | |c 12781 |d 12781 | ||